| 000 | 01012nam a2200217Ii 4500 | ||
|---|---|---|---|
| 003 | JO-AjNU | ||
| 008 | 230605s9999||||xx |||||||||||||| ||und|| | ||
| 040 |
_aJO-AjNU _bara _erda _cJO-AjNU |
||
| 041 | _aara | ||
| 050 | 1 | 4 | _aBP144.N3257 1985 |
| 100 | 3 |
_aالنابلسي، عبد الغني بن اسماعيل ، تحقيق محمد عمر فائق ، مراجعة عبد الستار أبو غدة, _eauthor _943741 |
|
| 245 | 0 | 0 | _aتحقيق القضية في الفرق بين الرشوة والهدية |
| 250 | _aط2 | ||
| 264 | 3 | 1 | _aالكويت: وزارة الأوقاف والشؤون الإسلامية، 1985 |
| 300 |
_a263ص _bيشتمل على ملحق (ص2015-224) ، يشتمل على فهارس(ص225-258) |
||
| 336 |
_atext _btxt _2rdacontent |
||
| 337 |
_aunmediated _bn _2rdamedia |
||
| 338 |
_avolume _bnc _2rdacarrier |
||
| 490 | 0 | _aتحقيق التراث الفقهي 4 | |
| 650 | 4 |
_aالرشوة- الهدايا- الاخلاق الاسلامية- الفقه الاسلامي _943742 |
|
| 999 |
_aA18826 _c22394 _d22394 |
||